| 000 | 00348nam a2200109Ia 4500 | ||
|---|---|---|---|
| 008 | 231129s1969||||xx |||||||||||||| ||spa|| | ||
| 082 | _aHAJ- 0228 | ||
| 245 | 0 | _aEl neomalthusianismo doctrina del neoimperialismo; y anĂ¡lisis de las causas del subdesarrollo | |
| 260 | _c1969 | ||
| 264 | _aColombia: Desarrollo Indoamericano 1969 | ||
| 942 |
_2ddc _cBKS |
||
| 999 |
_c11840 _d11840 |
||